Normal view
MARC view
Entry Personal Name
001 - CONTROL NUMBER
- control field: 75946
003 - CONTROL NUMBER IDENTIFIER
- control field: dpl
005 - DATE AND TIME OF LATEST TRANSACTION
- control field: 20250106174014.0
008 - FIXED-LENGTH DATA ELEMENTS
- fixed length control field: 250106|| aca||aabn | a|a d
040 ## - CATALOGING SOURCE
- Original cataloging agency: dpl
- Transcribing agency: dpl
100 ## - HEADING--PERSONAL NAME
- Personal name: इन्द्रा
670 ## - SOURCE DATA FOUND
- Source citation: Work cat.: (dpl)208059: इन्द्रा, महाराष्ट्र के युग प्रर्वतक सन्त ज्ञानेशवर/, 2023
